Fack ju Göhte – Jugendsprache im DaF-Unterricht bakalárska práca

Salvato in:
Dettagli Bibliografici
Autore principale: Brisudová, Mária
Ente Autore: Fakulta aplikovaných jazykov EU v Bratislave. Katedra jazykovedy a translatológie
Altri autori: Kalaš, Filip, 1993-
Natura: Libro
Lingua:tedesco
Pubblicazione: Bratislava 2023
Tags: Aggiungi Tag
Nessun Tag, puoi essere il primo ad aggiungerne!!

MARC

LEADER 00000nbm a2200000 4500
001 0292813
005 20240826084312.5
041 0 |a ger 
044 |a SK 
245 1 0 |a Fack ju Göhte – Jugendsprache im DaF-Unterricht  |b bakalárska práca  |c Mária Brisudová ; školiteľ: Filip Kalaš 
264 1 |a Bratislava  |c 2023 
300 |a 50 s. 
100 1 |a Brisudová, Mária 
700 1 |a Kalaš, Filip, 1993- 
710 2 |a Fakulta aplikovaných jazykov EU v Bratislave. Katedra jazykovedy a translatológie